000 00609nam a22002297a 4500
003 UA-OsUOA
001 118955
007 ta
008 20160927b un ||||| |||| 00| 0 ukr d
100 _aПлахтін І.
090 _a821.161.2
_bП37
942 _cBK
040 _aUA-OsUOA
_bukr
_cUA-OsUOA
_dUA-OsUOA
245 _aУрок кохання
_bзбірник п'єс
300 _a197 с.
955 _a3
041 _aukr
080 _a821.161.2
260 _aК.
_bМистецтво
_c1982
650 7 _a82 Література. Літературознавство
_2UDC
999 _c405130
_d405130